000 00579nam a2200145Ia 4500
008 100122s9999 xx 000 0 und d
082 _b116
_a923.254
100 _aकेळकर न चि
245 _aलोकमान्य टिळकांचे चरित्र भाग - 2
260 _bप्रकाशक शोधणे
_c1985
300 _a90
630 _aलोकमान्य टिळकांचे चरित्र भाग - 2
730 _aलोकमान्य टिळकांचे चरित्र भाग - 2
942 _cBOOK
999 _c395304
_d395301